Eakamki manch (Record no. 45984)
[ view plain ]
| 000 -LEADER | |
|---|---|
| fixed length control field | 00993nam a2200157Ia 4500 |
| 008 - FIXED-LENGTH DATA ELEMENTS--GENERAL INFORMATION | |
| fixed length control field | 210329s9999||||xx |||||||||||||| ||und|| |
| 040 ## - CATALOGING SOURCE | |
| Transcribing agency | STCPL |
| 082 ## - DEWEY DECIMAL CLASSIFICATION NUMBER | |
| Classification number | 891.432 |
| Item number | AMI-E |
| 100 ## - MAIN ENTRY--PERSONAL NAME | |
| Personal name | Amithabh V. P |
| 245 #0 - TITLE STATEMENT | |
| Title | Eakamki manch |
| Title in other language | एकांकी मंच |
| 260 ## - PUBLICATION, DISTRIBUTION, ETC. | |
| Place of publication, distribution, etc. | Edinburgh |
| Name of publisher, distributor, etc. | Jawahar Publications |
| Date of publication, distribution, etc. | 1999 |
| 300 ## - PHYSICAL DESCRIPTION | |
| Extent | P- 96 17 CM |
| 650 ## - SUBJECT ADDED ENTRY--TOPICAL TERM | |
| Topical term or geographic name entry element | Generalനൈവേദ്യം, ഒരു സ്വപ്നം,സ്നേഹത്തിനെന്തേ നിറം, കണിക്കൊന്ന, ദര്ശനം, പഞ്ചാബ്, പവിഴമല്ലി, മായം പൂവിളികേട്ടപ്പോള്, നിന്റെകാരുണ്യം, പുസ്തകങ്ങള്, യാത്രാമംഗളം, വളരെ വൈകി നീ, കാടും കടലും, എഴുന്നള്ളത്ത്, ചംബല്, ഭ്രാന്തമാം സ്വപ്നം. |
| 942 ## - ADDED ENTRY ELEMENTS (KOHA) | |
| Koha item type | Books |
| 041 ## - LANGUAGE CODE | |
| Language code of original | |
| Withdrawn status | Lost status | Damaged status | Not for loan | Home library | Current library | Shelving location | Date acquired | Cost, normal purchase price | Total Checkouts | Full call number | Barcode | Date last seen | Price effective from | Koha item type |
|---|---|---|---|---|---|---|---|---|---|---|---|---|---|---|
| ST. THOMAS COLLEGE LIBRARY, PALAI | ST. THOMAS COLLEGE LIBRARY, PALAI | 2021-07-10 | 22.00 | 891.432 AMI-E | 59543 | 2021-07-10 | 2021-07-10 | Books |
